000
00289nam a2200121Ia 4500
008
190216s9999||||xx |||||||||||||| ||und||
100
_a
Ibsen
245
0
_a
Bootham
260
_b
Sahithya Pravarthaka Sahakarana Sangam
_c
1997
300
_a
118p
650
_a
Malayalam Nadakam
942
_c
BK
999
_c
26044
_d
26044